London tops Euro city poll (Record no. 28362)

MARC details
000 -LEADER
fixed length control field 00857cab a2200265 4500
001 - CONTROL NUMBER
control field WB3242-23
008 - FIXED-LENGTH DATA ELEMENTS--GENERAL INFORMATION
fixed length control field 090401t1996 xxu||||| |||| 00| 0 eng d
035 ## - SYSTEM CONTROL NUMBER
System control number (Sirsi) u44637
041 ## - LANGUAGE CODE
Language code of text/sound track or separate title eng
245 ## - TITLE STATEMENT
Title London tops Euro city poll
260 ## - PUBLICATION, DISTRIBUTION, ETC.
Date of publication, distribution, etc. 1996
350 ## - PRICE (NR) (BK AM CF MU VM SE) [OBSOLETE]
Price 0
490 ## - SERIES STATEMENT
Series statement Guardian
Volume/sequential designation 4 November 1996, 17
490 ## - SERIES STATEMENT
Series statement Evening Standard
Volume/sequential designation 4 November 1996, 15(1)
520 ## - SUMMARY, ETC.
Summary, etc. London has been voted best European city for business, especially for its good public transport system and the amount of office space available, according to a survey of over 500 European businesses by Healey & Baker.
650 ## - SUBJECT ADDED ENTRY--TOPICAL TERM
Topical term or geographic name entry element BUSINESS LOCATIONS
650 ## - SUBJECT ADDED ENTRY--TOPICAL TERM
Topical term or geographic name entry element EUROPE
650 ## - SUBJECT ADDED ENTRY--TOPICAL TERM
Topical term or geographic name entry element HEALEY AND BAKER
650 ## - SUBJECT ADDED ENTRY--TOPICAL TERM
Topical term or geographic name entry element LONDON
650 ## - SUBJECT ADDED ENTRY--TOPICAL TERM
Topical term or geographic name entry element OFFICE SPACE
650 ## - SUBJECT ADDED ENTRY--TOPICAL TERM
Topical term or geographic name entry element PUBLIC TRANSPORT
690 ## - LOCAL SUBJECT ADDED ENTRY--TOPICAL TERM (OCLC, RLIN)
Topical term or geographic name as entry element ECONOMIC AND SOCIAL
942 ## - ADDED ENTRY ELEMENTS (KOHA)
Suppress in OPAC 0
948 ## - LOCAL PROCESSING INFORMATION (OCLC); SERIES PART DESIGNATOR (RLIN)
c (OCLC) 04/03/1997
Holdings
Withdrawn status Lost status Source of classification or shelving scheme Damaged status Not for loan Home library Current library Shelving location Date acquired Total Checkouts Full call number Barcode Date last seen Copy number Price effective from Koha item type
    Dewey Decimal Classification     London London News article 14/09/1999   WB3242-23 44637-1001 06/08/2019 1 06/08/2019 News article